000
00275nam a2200121Ia 4500
008
211105s9999 xx 000 0 und d
020
_a
VYASA09831
100
_a
Vidyasagar
245
0
_a
Praniniya Shiksha
250
_a
\N
260
_b
motilal banarsidass
_c
\N
300
_a
76p.
999
_c
7230
_d
7230